| 000 | 00429nam a22001697a 4500 | ||
|---|---|---|---|
| 005 | 20260210125146.0 | ||
| 008 | 260210b |||||||| |||| 00| 0 eng d | ||
| 020 | _a9788131706992 | ||
| 050 |
_aQD153 _b.S43 |
||
| 100 | _aSHARPE, ALAU G. | ||
| 245 | _aINORGANIC CHEMISTRY | ||
| 250 | _a3RD | ||
| 260 |
_aINDIA _bPEARSON INDIA EDUCATION SERVICE PVT. LTD _c2006 |
||
| 300 |
_aXVI, 702P _bILLUS |
||
| 650 | _aCHEMISTRY | ||
| 942 | _cBK | ||
| 999 |
_c4527 _d4527 |
||